ბათუმის შოთა რუსთაველის სახელმწიფო უნივერსიტეტის ბიბლიოთეკა

დასავლეთ საქართველოში გავრცელებული ზოგიერთი ვაზის ჯიშის ყურძნისგან მიღებული ღვინის პასპორტები : (ბიბ.ჩანაწერი № 60464)

000 -ლიდერი
ფიქსირებული სიგრძის საკონტროლო ველი 01837nam a22002297a 4500
003 - საკონტროლო ნომრის იდენტიფიკატორი
საკონტროლო ველი Ge_BSU
005 - ბოლო ოპერაციის თარიღი და დრო
საკონტროლო ველი 20230724154701.0
008 - ფიქსირებული სიგრძის მონაცემთა ელემენტები - ზოგადი ინფორმაცია
ფიქსირებული სიგრძის საკონტროლო ველი 230724s2020ge xxu||||| |||| 00| 0 geo d
020 ## - წიგნის საერთაშორისო სტანდარტული ნომერი
International Standard Book Number 9789941488214
041 ## - ენის კოდი
Language code of text/sound track or separate title geo
080 ## - უნივერსალური ათობითი კლასიფიკაციის ინდექსი
Universal Decimal Classification number 634.8(479.22) დ-23
245 ## - ცნობა სათაურის შესახებ
Title დასავლეთ საქართველოში გავრცელებული ზოგიერთი ვაზის ჯიშის ყურძნისგან მიღებული ღვინის პასპორტები :
Statement of responsibility, etc [მონოგრაფია] /
Remainder of title მაია ვანიძე, ალეკო კალანდია, ინდირა ჯაფარიძე, მაია ხარაძე ; რუსლან დავითაძე ; რედ. შალაშვილი არმაზ
264 ## - წარმოების, გამოცემის, დისტრიბუციის და სხვა ცნობები
გამოცემის, წარმოების, დისტრიბუციის... ადგილი ბათუმი :
გამოცემის, წარმოების, დისტრიბუციის... სახელწოდება ბათუმის შოთა რუსთაველის სახელმწიფო უნივერსიტეტი,
გამოცემის, წარმოების, დისტრიბუციის... თარიღი 2020.
300 ## - ფიზიკური აღწერა
Extent 67 გვ.:
Other physical details 19 სმ.
504 ## - BIBLIOGRAPHY, ETC. NOTE
Bibliography, etc ბიბლიოგრაფ.გვ: 66-67
653 ## - INDEX TERM--UNCONTROLLED
Uncontrolled term დასავლეთ საქართველოში გავრცელებული ზოგიერთი ვაზის ჯიშის ყურძნისგან მიღებული ღვინის პასპორტები
653 ## - INDEX TERM--UNCONTROLLED
Uncontrolled term სოფლის მეურნეიობა
700 ## - ADDED ENTRY--PERSONAL NAME
Personal name ვანიძე, მაია და სხვ.
9 (RLIN) 19511
700 ## - ADDED ENTRY--PERSONAL NAME
Personal name შალაშვილი, არამაზ
Relator term რედაქტორი
9 (RLIN) 19512
856 ## - ELECTRONIC LOCATION AND ACCESS
Uniform Resource Identifier https://dspace.nplg.gov.ge/bitstream/1234/327559/1/DasavletSaqartveloshiGavrcelebuliZogiertiVazisJishisYurdznisgan....pdf
Link text ელექტრონული ვერსია
942 ## - ADDED ENTRY ELEMENTS (KOHA)
Source of classification or shelving scheme
Koha item type წიგნი
ეგზემპლარები
ჩამოწერის სტატუსი დაკარგული ეგზემპლარის სტატუსი კლასიფიკაციის წყარო ან თაროზე გაწყობის სქემა დაზიანების სტატუსი არ გაიცემა მუდმივი მდებარეობა (დაცვის ადგილი) ამჟამინდელი ადგილსამყოფელი თაროზე განთავსების ადგილი შეძენის თარიღი ღირებულება, შესყიდვის ნორმალური ფასი სრული შენახვის შიფრი შტრიხკოდი ბოლო ოპერაციის თარიღი ეგზემპლარის მიმდევრობითი ნომერი (კეტერი?) ფასის ძალაში შესვლის თარიღი ეგზემპლარის სახეობა საჯარო შენიშვნა
          ბათუმის შოთა რუსთაველის სახელმწიფო უნივერსიტეტის მთავარი ბიბლიოთეკა ბათუმის შოთა რუსთაველის სახელმწიფო უნივერსიტეტის მთავარი ბიბლიოთეკა წიგნსაცავი 2023-07-24 4.00 634.8(479.22) დ-23 65029 2023-07-24 65029 2023-07-24 წიგნი 4.00